Doa la mauti / (Record no. 29438)

000 -LEADER
fixed length control field 00660nam a2200205 i 4500
001 - CONTROL NUMBER
control field 2262753
003 - CONTROL NUMBER IDENTIFIER
control field OSt
005 - DATE AND TIME OF LATEST TRANSACTION
control field 20171205203217.0
008 - FIXED-LENGTH DATA ELEMENTS--GENERAL INFORMATION
fixed length control field 780804s1976 ke 000 1 swa
010 ## - LIBRARY OF CONGRESS CONTROL NUMBER
LC control number 77980431
040 ## - CATALOGING SOURCE
Original cataloging agency DLC
Transcribing agency DLC
Modifying agency DLC
050 00 - LIBRARY OF CONGRESS CALL NUMBER
Classification number PL8704.G4
Item number D6
100 1# - MAIN ENTRY--PERSONAL NAME
Personal name Geranija, P. C.,
Dates associated with a name 1952-
245 10 - TITLE STATEMENT
Title Doa la mauti /
Statement of responsibility, etc. P. C. Geranija & A. S. Muwanga.
260 ## - PUBLICATION, DISTRIBUTION, ETC. (IMPRINT)
Place of publication, distribution, etc. Nairobi :
Name of publisher, distributor, etc. Heinemann Educational Books,
Date of publication, distribution, etc. 1976.
300 ## - PHYSICAL DESCRIPTION
Extent 92 p. ;
Dimensions 19 cm.
490 0# - SERIES STATEMENT
Series statement Waandishi wa Kiafrika ; S12
700 1# - ADDED ENTRY--PERSONAL NAME
Personal name Muwanga, A. S.,
Dates associated with a name 1952-
Relator term joint author.
906 ## - LOCAL DATA ELEMENT F, LDF (RLIN)
a 7
b cbc
c orignew
d 3
e ncip
f 19
g y-gencatlg
942 ## - ADDED ENTRY ELEMENTS (KOHA)
Source of classification or shelving scheme
Koha item type Africana (Books)
Classification part PL 8704 .G47 2014
Holdings
Withdrawn status Lost status Source of classification or shelving scheme Damaged status Not for loan Home library Current library Shelving location Date acquired Source of acquisition Cost, normal purchase price Total Checkouts Full call number Barcode Date last seen Price effective from Koha item type
          MACHAKOS UNIVERSITY LIBRARY MACHAKOS UNIVERSITY LIBRARY Africana 05/12/2017 PURCHASE (TEXTBOOK) 336.00   PL 8704 .G47 2014 37869 05/12/2017 05/12/2017 Africana (Books)
          MACHAKOS UNIVERSITY LIBRARY MACHAKOS UNIVERSITY LIBRARY Africana 05/12/2017 PURCHASE (TEXTBOOK) 336.00   PL 8704 .G47 2014 37870 05/12/2017 05/12/2017 Africana (Books)
          MACHAKOS UNIVERSITY LIBRARY MACHAKOS UNIVERSITY LIBRARY Africana 05/12/2017 PURCHASE (TEXTBOOK) 336.00   PL 8704 .G47 2014 37871 05/12/2017 05/12/2017 Africana (Books)
© Machakos University Library, Along The Highway, Machakos Wote Rd, Machakos, Kenya P.O. Box 136 - 90100 Machakos - Kenya

Tel: ( +254 ) 723 805829 OR Fax : 044-20353 OR Email: library@mksu.ac.ke